000 01384nam a2200265Ia 4500
999 _c52651
_d52651
001 19675
003 GE_BSU
005 20200320211434.0
008 181216s1986||||ge |||||||||||||| ||geo||
040 _cGE_BSU
041 _ageo
080 _a821.353.1.09 შ-21
100 _4შანიძე, აკაკი
245 _aთხზულებანი თორმეტ ტომად = Сочинения в двенадцати томах ტომი V :
_bვეფხისტყაოსნის საკითხები /
_cაკაკი შანიძე ; ტომის რედ. შოთა ძიძიგური.
264 _aთბილისი :
_bმეცნიერება,
_c1986.
300 _a479 გვ. ;
_e22 სმ.
500 _aპირთა საძიებლები : გვ.470-476
520 _aრამდენიმე სტატია რუსულ ენაზე
653 _aვეფხისტყაოსანი
653 _a შოთა რუსთაველი
653 _aქართული ლიტერატურა
700 _a შოთა ძიძიგური
_eტომის რედაქტორი
_97772
710 _aსაქართველოს სსრ მეცნიერებათა აკადემია
_97773
942 _cBK
_2udc